000 00863nam a22002057a 4500
999 _c10385
_d10385
003 AR-CdUCM
008 190401b ||||| |||| 00| 0 spa d
040 _aMUNICIPALIDAD PROVINCIAL DEL CUSCO
_cBIBLIOTECA MUNICIPAL DEL CUSCO
082 _a340.01 /
_bA46 / 1962
100 _aAlzamora Valdez, Mario
_927189
245 _aPrograma y bibliografía del curso de introducción a las ciencias jurídicas y políticas /
260 _aLima :
_bUniversidad Nacional Mayor de San Marcos,
_c1962.
300 _a38 páginas ;
_c25 cm.
505 _aContenido: Programa sintético -- Programa desarrollado -- El derecho objetivo -- El derecho subjetivo -- Las fuentes del derecho ...
650 _aCiencias jurídicas
_915945
650 _aCiencias políticas
_927202
710 _aUniversidad Nacional Mayor de San Marcos
_95627
942 _2ddc
_cLIBROS
945 _aacv